"Hier laßt uns einen Hafen bau'n!" : Entstehungsgeschichte der Stadt Wilhelmshaven, 1848 - 1890 / Rolf Uphoff
Record details
- ISBN: 3-89598-249-0
- Physical Description: 207 S : Ill., Kt ; 24 cm
- Publisher: Oldenburg : Isensee, 1995
Content descriptions
| General Note: | Literaturverz. S. 199 - 201 |
Available copies
- 1 of 1 copy available at Common Catalog SPOK.
Holds
- 0 current holds with 1 total copy.
Show Only Available Copies
| Location | Call Number / Copy Notes | Barcode | Shelving Location | Status | Due Date |
|---|---|---|---|---|---|
| Terezin Initiative Institute | 6102 | 4594306102 | Knihovna ITI | Available | - |
| LDR | 06085nam a2201177 i 4500 | ||
|---|---|---|---|
| 001 | 48580 | ||
| 003 | CZ-PrJAB | ||
| 005 | 20221109112500.0 | ||
| 008 | 950304s1995 gw 000 0 ger d | ||
| 020 | . | ‡a3-89598-249-0 | |
| 024 | 8 | . | ‡adsm22414 |
| 024 | 8 | . | ‡aOKRT00012676 |
| 024 | 8 | . | ‡aNDSLARCHOL0250373 |
| 024 | 8 | . | ‡aNDSLARCHAU0220722 |
| 024 | 8 | . | ‡andsbib051129 |
| 035 | . | ‡a(DE-601)18164309X | |
| 035 | . | ‡a(OCoLC)246929168 | |
| 035 | . | ‡a(DE-599)DNB943561612 | |
| 040 | . | ‡bger ‡cGBVCP | |
| 041 | 0 | . | ‡ager |
| 100 | 1 | . | ‡aUphoff, Rolf ‡4aut |
| 245 | 1 | 0. | ‡a"Hier laßt uns einen Hafen bau'n!" : ‡bEntstehungsgeschichte der Stadt Wilhelmshaven, 1848 - 1890 / ‡cRolf Uphoff |
| 260 | . | ‡aOldenburg : ‡bIsensee, ‡c1995 | |
| 300 | . | ‡a207 S : ‡bIll., Kt ; ‡c24 cm | |
| 500 | . | ‡aLiteraturverz. S. 199 - 201 | |
| 910 | . | ‡aABE340 ‡b6102 | |
| 995 | . | ‡aska | |
| 901 | . | ‡a48580 ‡b ‡c48580 ‡tbiblio | |